| 000 | 00442nam a2200181Ia 4500 | ||
|---|---|---|---|
| 999 |
_c47838 _d47838 |
||
| 003 | 0100 | ||
| 005 | 20170727153508.0 | ||
| 008 | 130303s9999 xx 000 0 und d | ||
| 040 | _cARRUPELIB | ||
| 050 | _aB819.B33 1959 | ||
| 100 |
_aBarnes, Hazel E _933801 |
||
| 245 | _aHumanistic Existentialism | ||
| 245 | _bThe literature of possibility | ||
| 260 |
_bUniversity of Nebraska Press _aLincoln _c1959 |
||
| 300 | _ax | ||
| 300 | _b 418p. 20cm. | ||
| 650 |
_aExistentialism _91759 |
||
| 942 |
_2lcc _cMONOGRAPH |
||